Beliefs | 2 | 4 | 3 | 2 | 55 | 36 | 104.50 | 2 | 6 |
Science - Physics | 0 | 3 | 2 | 1 | 20 | 80 | 105.00 | 1 | 3 |
Other Science: Math | 1 | 1 | 1 | 0 | 20 | 62 | 74.00 | 0 | 2 |
Other Science: Computer Science | 0 | 2 | 0 | 0 | 20 | 88 | 89.50 | 1 | 2 |
Science - Chemistry | 0 | 2 | 1 | 1 | 15 | 95 | 109.00 | 0 | 2 |
World and Other Literature | 0 | 1 | 0 | 0 | 10 | 139 | 139.00 | 0 | 0 |
Chemistry> | 0 | 1 | 0 | 0 | 10 | 105 | 105.00 | 0 | 1 |
History - American History | 0 | 1 | 0 | 0 | 10 | 109 | 109.00 | 0 | 1 |
Philosophy | 0 | 1 | 0 | 0 | 10 | 110 | 110.00 | 0 | 1 |
Science - Biology | 0 | 2 | 2 | 0 | 10 | 57 | 75.00 | 1 | 2 |
Social Science | 0 | 1 | 0 | 0 | 10 | 79 | 79.00 | 0 | 1 |
Ancient History and Archaeology | 0 | 1 | 0 | 0 | 10 | 112 | 112.00 | 0 | 1 |
History - World History | 0 | 1 | 1 | 1 | 5 | 127 | 127.00 | 0 | 1 |
History - European History | 0 | 1 | 1 | 1 | 5 | 115 | 115.00 | 0 | 1 |
British and Commonwealth History | 0 | 0 | 0 | 0 | 0 | | 0.00 | 0 | 0 |
Other Science: Earth Science | 0 | 0 | 1 | 0 | -5 | | 0.00 | 0 | 0 |
Fine Arts - Visual Fine Arts | 0 | 0 | 2 | 0 | -10 | | 0.00 | 0 | 0 |